000 00395nam a2200181Ia 4500
005 20250603145355.0
008 250603s9999 xx 000 0 und d
020 _a9789784950794
050 _aPR 9387.9 .D36 .M57/
100 _aDankano, Musa Bello
245 0 _aMirror
260 _aAbuja
260 _bMazariyya
260 _c2010
300 _a144 p
650 _aAbuja
942 _cBK
999 _c41673
_d41673